000 00597nam a2200181 a 4500
001 ASIN8182743583
005 20170105102923.0
008 131209s2008 xxu eng d
020 _a8182743583 (hardcover)
_c$65.95
020 _a9788182743588 (hardcover)
040 _a0
100 1 _aSingh, Col. Harjeet.
245 1 0 _aEvolution of strategy :
_bfrom sun tzu to clausewitz /
_cCol. Harjeet Singh.
260 _a[S.l.] :
_bPentagon Press,
_c2008.
300 _a300 p. ;
_c24 cm.
856 4 0 _3Amazon.com
_uhttp://www.amazon.com/exec/obidos/ASIN/8182743583/chopaconline-20
942 _2ddc
_cBK
999 _c15665
_d15665